[Event "Tamil Nadu IM 13th"]
[Site "Chennai"]
[Date "2024.01.18"]
[Round "4"]
[White "Sitnikov, Anton"]
[Black "Haribalu, Venkataramanaraju"]
[Result "1-0"]
[WhiteElo "2356"]
[BlackElo "2161"]
[PlyCount "81"]
[EventDate "2024.01.16"]
[EventType "tourn"]
[EventRounds "9"]
[EventCountry "IND"]
[SourceTitle "CB04_2024"]
[SourceDate "2023.10.16"]
[SourceVersion "1"]
[SourceVersionDate "2023.10.16"]
[SourceQuality "1"]

1. e4 c5 2. Nc3 a6 3. g3 b5 4. Bg2 Bb7 5. Nh3 e6 6. 0-0 Be7 7. d4 b4 8. Na4 cxd4 9. Qxd4 Nc6 10. Qe3 Qa5 11. b3 Nf6 12. Bb2 0-0 13. Rad1 Rad8 14. Nf4 Ng4 15. Qe2 Nge5 16. Nd5 exd5 17. exd5 Bf6 18. f4 Rde8 19. fxe5 Nxe5 20. Rxf6 gxf6 21. Qh5 Qc7 22. Be4 Ng6 23. Bxf6 Qd6 24. Rf1 Rxe4 25. Qh6 Qxf6 26. Rxf6 Bxd5 27. Nb6 Be6 28. h4 Rg4 29. Kf2 d5 30. h5 Ne7 31. Rf4 Rg7 32. Qf6 Nc8 33. Na4 Nd6 34. Nc5 a5 35. Qe5 Rd8 36. Nxe6 fxe6 37. Qxe6+ Kh8 38. Qf6 Rdd7 39. h6 Rdf7 40. hxg7+ Kg8 41. Qxd6 1-0

[Event "London Classic op 10th"]
[Site "London"]
[Date "2018.12.16"]
[Round "9"]
[White "Semprun Martinez, Fernando M"]
[Black "Haribalu, Venkataramanaraju"]
[Result "0-1"]
[WhiteElo "2091"]
[BlackElo "2208"]
[PlyCount "98"]
[EventDate "2018.12.09"]
[EventType "swiss"]
[EventRounds "9"]
[EventCountry "ENG"]
[SourceTitle "CBM 187 Extra"]
[Source "ChessBase"]
[SourceDate "2018.11.04"]
[SourceVersion "1"]
[SourceVersionDate "2018.11.04"]
[SourceQuality "1"]

1. e4 c5 2. Nf3 e6 3. d4 cxd4 4. Nxd4 a6 5. Nc3 Qc7 6. Bd3 Nf6 7. 0-0 Nc6 8. Nxc6 dxc6 9. f4 e5 10. f5 Bc5+ 11. Kh1 h5 12. Qf3 Ng4 13. h3 Bd7 14. g3 0-0-0 15. Kg2 Nf6 16. Be3 Bxe3 17. Qxe3 c5 18. b3 Bc6 19. Qxc5 Rd4 20. Rae1 Rhd8 21. Rf3 Kb8 22. Qa3 R8d6 23. Qc1 Qa5 24. Qb2 b5 25. Ree3 b4 26. Ne2 Rxe4 27. Bxe4 Nxe4 28. Rd3 Rxd3 29. Rxd3 Nc5+ 30. Rf3 Qc7 31. c4 Bxf3+ 32. Kxf3 Qc6+ 33. Ke3 Qe4+ 34. Kd2 Qd3+ 35. Ke1 Qxf5 36. Qd2 Qb1+ 37. Qd1 Nd3+ 38. Kd2 Qxd1+ 39. Kxd1 Nf2+ 40. Kd2 Nxh3 41. Kd3 f5 42. c5 Kc7 43. Kc4 f4 44. gxf4 Nxf4 45. Ng3 g5 46. Kxb4 h4 47. Nf5 h3 48. Ng3 h2 49. Kc4 g4 0-1

[Event "London Classic op 10th"]
[Site "London"]
[Date "2018.12.13"]
[Round "5"]
[White "Milliet, Sophie"]
[Black "Haribalu, Venkataramanaraju"]
[Result "1/2-1/2"]
[WhiteElo "2376"]
[BlackElo "2208"]
[PlyCount "114"]
[EventDate "2018.12.09"]
[EventType "swiss"]
[EventRounds "9"]
[EventCountry "ENG"]
[SourceTitle "CBM 187 Extra"]
[Source "ChessBase"]
[SourceDate "2018.11.04"]
[SourceVersion "1"]
[SourceVersionDate "2018.11.04"]
[SourceQuality "1"]

1. e4 g6 2. d4 Bg7 3. Nc3 c5 4. d5 d6 5. Nf3 Nf6 6. Be2 0-0 7. 0-0 e6 8. Bg5 h6 9. Bh4 g5 10. dxe6 gxh4 11. exf7+ Kxf7 12. Bc4+ Be6 13. Bxe6+ Kxe6 14. Nxh4 Kf7 15. Nf5 Nc6 16. Nb5 Kg8 17. Nxg7 Kxg7 18. Nxd6 Kh7 19. f4 Ne8 20. Nf5 Qxd1 21. Raxd1 Rf7 22. c3 Rb8 23. Rd3 Ng7 24. Ne3 Ne6 25. g3 Rd8 26. Rfd1 Rg8 27. Kh1 Nxf4 28. gxf4 Rxf4 29. Rd7+ Rg7 30. Nf5 Rxd7 31. Rxd7+ Kg6 32. Ne7+ Nxe7 33. Rxe7 Rf2 34. Rxb7 Kf6 35. a4 c4 36. Rxa7 Rxb2 37. Rc7 Ra2 38. Rxc4 Ke5 39. Rc6 Rxa4 40. Rxh6 Ra2 41. h4 Kf4 42. h5 Kg5 43. Rh8 Rc2 44. Kg1 Rxc3 45. Kf2 Rh3 46. h6 Kg6 47. Ke2 Kf6 48. Kd2 Kg6 49. Rd8 Kg5 50. Rg8+ Kf4 51. Rh8 Kg5 52. Ke2 Kg6 53. Kf2 Kf6 54. e5+ Kxe5 55. Kg2 Rh5 56. Kg3 Kf5 57. h7 Kg6 1/2-1/2

[Event "London Classic op 10th"]
[Site "London"]
[Date "2018.12.12"]
[Round "4"]
[White "Haribalu, Venkataramanaraju"]
[Black "Cramling Bellon, Anna"]
[Result "1-0"]
[WhiteElo "2208"]
[BlackElo "1927"]
[PlyCount "71"]
[EventDate "2018.12.09"]
[EventType "swiss"]
[EventRounds "9"]
[EventCountry "ENG"]
[SourceTitle "CBM 187 Extra"]
[Source "ChessBase"]
[SourceDate "2018.11.04"]
[SourceVersion "1"]
[SourceVersionDate "2018.11.04"]
[SourceQuality "1"]

1. e4 c5 2. d4 cxd4 3. c3 dxc3 4. Nxc3 Nc6 5. Nf3 e6 6. Bc4 Qc7 7. 0-0 Nf6 8. Nb5 Qb8 9. e5 Nxe5 10. Nxe5 Qxe5 11. Re1 Qb8 12. Qd4 b6 13. Bf4 Bc5 14. Qd2 Qb7 15. Nc7+ Kf8 16. b4 Be7 17. Ba6 Qxa6 18. Nxa6 Bxa6 19. Bd6 Bb7 20. Rac1 Nd5 21. Bxe7+ Kxe7 22. Qg5+ Nf6 23. f3 Rac8 24. Kf2 Bd5 25. a3 h6 26. Rxc8 Rxc8 27. Qxg7 h5 28. Qg5 Rc3 29. Re3 Rc2+ 30. Re2 Rc3 31. Rd2 Bc4 32. Rd4 Rc2+ 33. Kg3 Bf1 34. Rd2 Rc3 35. a4 Rc4 36. Kf2 1-0

[Event "London Classic op"]
[Site "London"]
[Date "2017.12.08"]
[Round "8"]
[White "Sai Agni, Jeevitesh J"]
[Black "Haribalu, Venkataramanaraju"]
[Result "1-0"]
[WhiteElo "2384"]
[BlackElo "2205"]
[PlyCount "55"]
[EventDate "2017.12.02"]
[EventType "swiss"]
[EventRounds "9"]
[EventCountry "ENG"]
[SourceTitle "CBM 182 Extra"]
[Source "ChessBase"]
[SourceDate "2018.02.23"]
[SourceVersion "1"]
[SourceVersionDate "2018.02.23"]
[SourceQuality "1"]

1. d4 d5 2. c4 c6 3. Nf3 Nf6 4. g3 g6 5. Bg2 Bg7 6. 0-0 0-0 7. b3 Ne4 8. Bb2 Be6 9. Na3 a6 10. Nd2 Nxd2 11. Qxd2 Qd7 12. Rfd1 a5 13. Rac1 b5 14. cxb5 cxb5 15. Rc5 b4 16. Nc2 Rd8 17. Ne3 Qb7 18. Rdc1 a4 19. bxa4 Rxa4 20. Nxd5 Bxd5 21. Bxd5 Rxd5 22. Rc8+ Bf8 23. R1c7 Qa6 24. Rxb8 g5 25. Rcc8 Qh6 26. e4 Rda5 27. d5 f6 28. d6 1-0

[Event "London Classic op"]
[Site "London"]
[Date "2017.12.05"]
[Round "5"]
[White "Haribalu, Venkataramanaraju"]
[Black "Bansal, Rohan"]
[Result "0-1"]
[WhiteElo "2205"]
[BlackElo "1971"]
[PlyCount "78"]
[EventDate "2017.12.02"]
[EventType "swiss"]
[EventRounds "9"]
[EventCountry "ENG"]
[SourceTitle "CBM 182 Extra"]
[Source "ChessBase"]
[SourceDate "2018.02.23"]
[SourceVersion "1"]
[SourceVersionDate "2018.02.23"]
[SourceQuality "1"]

1. e4 e6 2. d4 d5 3. Nd2 c5 4. exd5 Qxd5 5. Ngf3 cxd4 6. Bc4 Qd7 7. 0-0 Nc6 8. Nb3 Nf6 9. Bb5 a6 10. Ne5 Qc7 11. Nxc6 bxc6 12. Bf4 Qd7 13. Ba4 Bb7 14. Na5 Bc5 15. c3 Rd8 16. Qb3 Ba8 17. Qc4 Qd5 18. Qxa6 0-0 19. b4 Bd6 20. c4 Qh5 21. Bxd6 Rxd6 22. c5 Rd5 23. Bxc6 Bxc6 24. Nxc6 Rg5 25. f4 Rg4 26. Qe2 Nd5 27. h3 Qxh3 28. Ne5 Rg3 29. Rf3 Ne3 30. Rxg3 Qxg3 31. Qf3 Qh4 32. b5 Qe7 33. Rc1 f6 34. Nc6 Qd7 35. Qe4 e5 36. fxe5 fxe5 37. Qxe5 Qg4 38. Qh2 d3 39. Ne5 d2 0-1

[Event "London Classic op"]
[Site "London"]
[Date "2017.12.04"]
[Round "4"]
[White "Martins, David Pires Tavares"]
[Black "Haribalu, Venkataramanaraju"]
[Result "1/2-1/2"]
[WhiteElo "2400"]
[BlackElo "2205"]
[PlyCount "168"]
[EventDate "2017.12.02"]
[EventType "swiss"]
[EventRounds "9"]
[EventCountry "ENG"]
[SourceTitle "CBM 182 Extra"]
[Source "ChessBase"]
[SourceDate "2018.02.23"]
[SourceVersion "1"]
[SourceVersionDate "2018.02.23"]
[SourceQuality "1"]

1. Nf3 d5 2. c4 c6 3. g3 Nf6 4. Bg2 dxc4 5. 0-0 Nbd7 6. Qc2 Nb6 7. Na3 Qd5 8. b3 cxb3 9. axb3 Be6 10. d3 Qxb3 11. Qxb3 Bxb3 12. Be3 Nfd7 13. Rfb1 Bd5 14. Nc4 Bxc4 15. Bxb6 Bb5 16. Bxa7 e5 17. Be3 Ra6 18. Bh3 Bd6 19. Ng5 Nf6 20. Bc8 h6 21. Bxb7 Rxa1 22. Rxa1 0-0 23. Nf3 Rb8 24. Ra8 Rxa8 25. Bxa8 Nd5 26. Bb7 Nxe3 27. fxe3 Kf8 28. Kf2 Ke7 29. Bc8 g6 30. Bh3 f5 31. g4 e4 32. dxe4 fxe4 33. Nd4 Ba4 34. Bg2 c5 35. Bxe4 cxd4 36. exd4 Kf6 37. h4 Be8 38. Bf3 Bc7 39. h5 gxh5 40. gxh5 Bb6 41. e3 Kg5 42. Be2 Kh4 43. Bf3 Ba4 44. Be2 Kg5 45. Kg3 Bc2 46. Bf3 Bd3 47. Kf2 Bc7 48. Be2 Be4 49. Bf3 Bc2 50. Be2 Ba5 51. Bf3 Bb4 52. Be2 Ba4 53. Bf3 Bb3 54. Be2 Bd2 55. Bf3 Bc1 56. Be2 Be6 57. Bf3 Bf7 58. Be2 Bb3 59. Bf3 Kf5 60. Ke2 Bc4+ 61. Kf2 Ba3 62. Be2 Bf7 63. Bd3+ Kg4 64. Be2+ Kg5 65. Bf3 Bd6 66. Be2 Kh4 67. Bf3 Be8 68. e4 Bf4 69. e5 Bf7 70. Ke2 Kg3 71. Be4 Bxh5+ 72. Kd3 Bf7 73. Bc6 Bg5 74. Ke4 Bg6+ 75. Kd5 Kf4 76. Kd6 h5 77. e6 h4 78. Bg2 Be4 79. Bf1 Ke3 80. e7 Bxe7+ 81. Kxe7 Kf2 82. Bh3 Kg3 83. Be6 Kf4 84. d5 Bxd5 1/2-1/2

[Event "London Classic op"]
[Site "London"]
[Date "2017.12.03"]
[Round "2"]
[White "Elsness, Frode"]
[Black "Haribalu, Venkataramanaraju"]
[Result "1-0"]
[WhiteElo "2477"]
[BlackElo "2205"]
[PlyCount "115"]
[EventDate "2017.12.02"]
[EventType "swiss"]
[EventRounds "9"]
[EventCountry "ENG"]
[SourceTitle "CBM 182 Extra"]
[Source "ChessBase"]
[SourceDate "2018.02.23"]
[SourceVersion "1"]
[SourceVersionDate "2018.02.23"]
[SourceQuality "1"]

1. Nf3 d5 2. c4 c6 3. g3 Nf6 4. Bg2 dxc4 5. 0-0 Nbd7 6. Na3 Nb6 7. Ne5 Qd4 8. Nexc4 Nxc4 9. Qa4 e5 10. Nxc4 e4 11. Qb3 Be7 12. d3 exd3 13. Be3 Qg4 14. Qxd3 0-0 15. h3 Qh5 16. g4 Qh4 17. Bf4 h5 18. Bg3 Qg5 19. f4 Qc5+ 20. Bf2 Qb5 21. g5 Nd5 22. e3 Be6 23. Ne5 Qxd3 24. Nxd3 Nb4 25. Nxb4 Bxb4 26. e4 Bd2 27. Bc5 Rfd8 28. e5 Rd3 29. f5 Bd5 30. Rad1 b6 31. Rf2 Bxg2 32. Kxg2 h4 33. Rfxd2 Rg3+ 34. Kh2 bxc5 35. Rd8+ Rxd8 36. Rxd8+ Kh7 37. Rd7 Rxg5 38. Rxf7 Kg8 39. e6 a5 40. a4 c4 41. Kh1 Rg3 42. Ra7 Rxh3+ 43. Kg2 Rg3+ 44. Kh2 Kf8 45. Rxa5 Rb3 46. Rc5 Rxb2+ 47. Kh3 Rf2 48. a5 c3 49. a6 Ra2 50. Rxc6 c2 51. Kxh4 Rxa6 52. Rxc2 g6 53. Rc8+ Ke7 54. fxg6 Ra1 55. g7 Rh1+ 56. Kg5 Rg1+ 57. Kf5 Rf1+ 58. Ke4 1-0

[Event "London Classic op 8th"]
[Site "London"]
[Date "2016.12.09"]
[Round "1"]
[White "Haribalu, Venkataramanaraju"]
[Black "Dror, Levi L"]
[Result "1-0"]
[WhiteElo "2201"]
[BlackElo "1698"]
[PlyCount "35"]
[EventDate "2016.12.09"]
[EventType "swiss"]
[EventRounds "9"]
[EventCountry "ENG"]
[SourceTitle "CBM 176 Extra"]
[Source "ChessBase"]
[SourceDate "2017.03.02"]
[SourceVersion "1"]
[SourceVersionDate "2017.03.02"]
[SourceQuality "1"]

1. e4 e6 2. d4 d5 3. Nd2 Nf6 4. e5 Nfd7 5. f4 c5 6. c3 Nc6 7. Ndf3 Qb6 8. g3 cxd4 9. cxd4 Bb4+ 10. Kf2 g5 11. fxg5 Ndxe5 12. Nxe5 Nxe5 13. Kg2 Nc6 14. Nf3 Bd7 15. Be2 0-0-0 16. Bf4 Bf8 17. b4 Bg7 18. b5 1-0

[Event "IND-ch U25"]
[Site "Calicut"]
[Date "2013.10.08"]
[Round "9"]
[White "Sa, Kannan"]
[Black "Haribalu, Venkataramanaraju"]
[Result "1-0"]
[WhiteElo "1998"]
[BlackElo "2220"]
[PlyCount "85"]
[EventDate "2013.10.02"]
[EventType "swiss"]
[EventRounds "9"]
[EventCountry "IND"]
[SourceTitle "EXT 2014"]
[Source "ChessBase"]
[SourceDate "2013.11.20"]
[SourceVersion "1"]
[SourceVersionDate "2013.11.20"]
[SourceQuality "1"]

1. d4 d5 2. c4 c6 3. e3 Nf6 4. Nf3 Bg4 5. cxd5 Bxf3 6. gxf3 cxd5 7. Nc3 Nc6 8. f4 Qd7 9. Bd2 Rc8 10. Bd3 g6 11. Qf3 Bg7 12. Rc1 0-0 13. h4 Rfd8 14. h5 Nxh5 15. Rxh5 gxh5 16. Qxh5 h6 17. Ke2 Qd6 18. Rg1 Qe6 19. f5 Qf6 20. f4 Kf8 21. Be1 Nxd4+ 22. exd4 Qxd4 23. Qg4 h5 24. Qg2 e6 25. Bf2 Qf6 26. Bh4 Qxh4 27. Qxg7+ Ke7 28. fxe6 Qxf4 29. exf7 Qxf7 30. Qe5+ Kf8 31. Kd1 d4 32. Rf1 Qxf1+ 33. Bxf1 dxc3+ 34. Kc1 cxb2+ 35. Kxb2 Rc6 36. Qh8+ Ke7 37. Qg7+ Kd6 38. Bh3 Kc5 39. Qc3+ Kb5 40. Qe5+ Ka6 41. Qe3 b5 42. a4 Rd5 43. Bf1 1-0

[Event "IND-ch U25"]
[Site "Calicut"]
[Date "2013.10.07"]
[Round "8"]
[White "Haribalu, Venkataramanaraju"]
[Black "Meghna, CH."]
[Result "1-0"]
[WhiteElo "2220"]
[BlackElo "1838"]
[PlyCount "113"]
[EventDate "2013.10.02"]
[EventType "swiss"]
[EventRounds "9"]
[EventCountry "IND"]
[SourceTitle "EXT 2014"]
[Source "ChessBase"]
[SourceDate "2013.11.20"]
[SourceVersion "1"]
[SourceVersionDate "2013.11.20"]
[SourceQuality "1"]

1. e4 e6 2. d4 d5 3. Nd2 Be7 4. e5 c5 5. c3 Nc6 6. Ndf3 f6 7. Bd3 Qb6 8. Nh3 Bd7 9. 0-0 fxe5 10. Nxe5 Nxe5 11. dxe5 0-0-0 12. Kh1 Rf8 13. Qg4 g6 14. b4 Qc7 15. Re1 cxb4 16. Bd2 bxc3 17. Rac1 Kb8 18. Rxc3 Qd8 19. Rb1 Ka8 20. a4 h5 21. Qd4 Nh6 22. Be3 Qb8 23. Rc7 Bc8 24. Rxe7 Ng4 25. a5 Nxe5 26. Bf4 Nc6 27. Qc3 Rxf4 28. Qxc6 Rd4 29. Qc3 e5 30. a6 Rf8 31. f4 Ra4 32. fxe5 Rh4 33. axb7+ Bxb7 34. Ba6 d4 35. Bxb7+ Qxb7 36. Rexb7 dxc3 37. Rc7 Re4 38. Rxc3 Rxe5 39. Rc2 g5 40. Nf2 g4 41. g3 a5 42. Nd3 Rd5 43. Nf4 Rdf5 44. Ra2 h4 45. Rba1 h3 46. Rxa5+ Rxa5 47. Rxa5+ Kb7 48. Kg1 Rc8 49. Ra2 Rc3 50. Ne2 Rd3 51. Kf2 Rf3+ 52. Ke1 Rb3 53. Rc2 Rb4 54. Kf2 Re4 55. Rd2 Kc7 56. Rd4 Re5 57. Rxg4 1-0

[Event "IND-ch U25"]
[Site "Calicut"]
[Date "2013.10.05"]
[Round "5"]
[White "Chandar, Raju"]
[Black "Haribalu, Venkataramanaraju"]
[Result "1-0"]
[WhiteElo "1865"]
[BlackElo "2220"]
[PlyCount "94"]
[EventDate "2013.10.02"]
[EventType "swiss"]
[EventRounds "9"]
[EventCountry "IND"]
[SourceTitle "EXT 2014"]
[Source "ChessBase"]
[SourceDate "2013.11.20"]
[SourceVersion "1"]
[SourceVersionDate "2013.11.20"]
[SourceQuality "1"]

1. Nf3 d5 2. g3 Nc6 3. Bg2 e5 4. d3 Bg4 5. 0-0 Qd7 6. Re1 0-0-0 7. c3 f6 8. b4 h5 9. Qa4 Kb8 10. b5 Nce7 11. c4 Bh3 12. Bh1 e4 13. Be3 Nc8 14. Nd4 Nge7 15. c5 c6 16. Nc3 g5 17. Rab1 cxb5 18. Rxb5 h4 19. Reb1 hxg3 20. Rxb7+ Qxb7 21. Rxb7+ Kxb7 22. Qb5+ Kc7 23. hxg3 Rd7 24. Bg2 Kd8 25. Bxh3 Rxh3 26. Ne6+ Ke8 27. Nxf8 Kxf8 28. Qxd7 Rh6 29. Nxd5 exd3 30. exd3 Nxd5 31. Qxd5 Ne7 32. Qa8+ Kf7 33. Qxa7 Ke6 34. Qb6+ Kf5 35. c6 Rh7 36. Qb7 Kg6 37. c7 Rh8 38. Qe4+ Kf7 39. Bc5 Nc8 40. a4 Re8 41. Qd5+ Kg6 42. a5 g4 43. a6 Re1+ 44. Kg2 Re8 45. a7 Nd6 46. Bxd6 Rg8 47. Qxg8+ Kf5 1-0

[Event "IND-ch U25"]
[Site "Calicut"]
[Date "2013.10.03"]
[Round "2"]
[White "Audi, Ameya"]
[Black "Haribalu, Venkataramanaraju"]
[Result "1/2-1/2"]
[WhiteElo "1877"]
[BlackElo "2220"]
[PlyCount "88"]
[EventDate "2013.10.02"]
[EventType "swiss"]
[EventRounds "9"]
[EventCountry "IND"]
[SourceTitle "EXT 2014"]
[Source "ChessBase"]
[SourceDate "2013.11.20"]
[SourceVersion "1"]
[SourceVersionDate "2013.11.20"]
[SourceQuality "1"]

1. e4 c5 2. Nc3 a6 3. f4 b5 4. Nf3 Bb7 5. d3 e6 6. g3 b4 7. Ne2 d5 8. e5 d4 9. Bg2 Ne7 10. 0-0 Nd5 11. Ng5 Be7 12. Ne4 Nc6 13. a3 a5 14. Bd2 0-0 15. axb4 axb4 16. Rxa8 Bxa8 17. b3 Qd7 18. Nc1 Kh8 19. Qh5 f6 20. exf6 Nxf6 21. Qh3 e5 22. Nxf6 Qxh3 23. Bxh3 gxf6 24. f5 Bb7 25. Bg2 Ra8 26. Kf2 Nd8 27. g4 Ra1 28. h3 Kg7 29. Ne2 Ra2 30. Rc1 Bxg2 31. Kxg2 Nb7 32. Ng3 Nd6 33. Kf3 Kf7 34. Ne4 Nb5 35. Ke2 Na3 36. Kd1 Nb5 37. h4 Nc7 38. Ke2 Nd5 39. g5 Nc3+ 40. Bxc3 bxc3 41. Kd1 Ra5 42. Ke2 Ra2 43. Kd1 Ra5 44. Ke2 Ra2 1/2-1/2

[Event "IND-chB 49th"]
[Site "Aurangabad"]
[Date "2011.06.18"]
[Round "5"]
[White "Krishna, C Revanth Gopala"]
[Black "Haribalu, Venkataramanaraju"]
[Result "1-0"]
[WhiteElo "2322"]
[BlackElo "2215"]
[PlyCount "65"]
[EventDate "2011.06.16"]
[EventType "swiss"]
[EventRounds "13"]
[EventCountry "IND"]
[SourceTitle "CBM 143 Extra"]
[Source "ChessBase"]
[SourceDate "2011.08.29"]
[SourceVersion "1"]
[SourceVersionDate "2011.08.29"]
[SourceQuality "1"]

1. d4 d5 2. Nf3 Nf6 3. c4 c6 4. e3 e6 5. Nc3 Nbd7 6. Bd3 dxc4 7. Bxc4 b5 8. Bd3 a6 9. 0-0 c5 10. Qe2 Be7 11. Rd1 Qb6 12. Bc2 Bb7 13. e4 Rd8 14. e5 Ng4 15. d5 b4 16. d6 Bf8 17. Ne4 Ngxe5 18. Nxe5 Nxe5 19. Bg5 f6 20. Bxf6 gxf6 21. Qh5+ Ng6 22. Nxf6+ Kf7 23. Nxh7 Rg8 24. Qg5 Rg7 25. Qf6+ Kg8 26. Ng5 Rxd6 27. Bxg6 e5 28. Bf7+ Kh8 29. Ne6 Rxe6 30. Bxe6 Be7 31. Qh6+ Rh7 32. Qg6 Rg7 33. Qe8+ 1-0

[Event "Mumbai Mayors Cup 3rd"]
[Site "Mumbai"]
[Date "2010.06.03"]
[Round "2"]
[White "Vorobiov, Evgeny E"]
[Black "Haribalu, Venkataramanaraju"]
[Result "1/2-1/2"]
[WhiteElo "2612"]
[BlackElo "2238"]
[PlyCount "120"]
[EventDate "2010.06.02"]
[EventType "swiss"]
[EventRounds "11"]
[EventCountry "IND"]
[SourceTitle "CBM 136 Extra"]
[Source "ChessBase"]
[SourceDate "2010.07.02"]
[SourceVersion "2"]
[SourceVersionDate "2010.07.15"]
[SourceQuality "1"]

1. Nf3 d5 2. g3 Nc6 3. d4 Bg4 4. Bg2 Qd7 5. c4 e6 6. cxd5 exd5 7. Nc3 Nge7 8. 0-0 f6 9. b4 Bh3 10. Bxh3 Qxh3 11. Nb5 Qd7 12. Bf4 Rc8 13. Rb1 Nd8 14. a4 a6 15. Nxc7+ Rxc7 16. Bxc7 Qxc7 17. Qd3 Qd7 18. b5 axb5 19. Rxb5 g6 20. Rfb1 Bh6 21. e4 0-0 22. exd5 Nf5 23. Qb3 Nd6 24. Rb6 N8f7 25. Re1 Ra8 26. Re6 Bg7 27. Qb4 Bf8 28. a5 Nc8 29. Rxb7 Qxd5 30. Qb3 Rxa5 31. Qxd5 Rxd5 32. Rxf6 Ncd6 33. Rd7 Rf5 34. Rxf5 Nxf5 35. Ne5 Ng5 36. Kg2 Ne4 37. Nc6 Bg7 38. Ne7+ Nxe7 39. Rxe7 Nd6 40. Rd7 Nf7 41. d5 Kf8 42. f4 Ke8 43. Ra7 Bd4 44. Rb7 Bc5 45. Kf3 Be7 46. h4 h6 47. Kg4 h5+ 48. Kf3 Nd6 49. Rb8+ Kf7 50. Ra8 Nf5 51. Ra6 Bf8 52. Ra7+ Kf6 53. Rd7 Be7 54. g4 hxg4+ 55. Kxg4 Kf7 56. h5 Nh6+ 57. Kf3 Ke8 58. Rxe7+ Kxe7 59. hxg6 Kf6 60. Ke4 Nf5 1/2-1/2